| Поле | Инд. | ПП | Название | Значение |
|---|---|---|---|---|
| Тип записи | a | |||
| Библиографический уровень | a | |||
| 001 | Контрольный номер | b4fca5cba9f14a4f905fb14628fab70a | ||
| 005 | Дата корректировки | 20220224161422.8 | ||
| 040 | a | Служба первич. каталог. | НБ ТвГУ | |
| b | Код языка каталог. | rus | ||
| e | Правила каталог. | PSBO | ||
| 041 | 0_ | a | Код языка текста | rus |
| 097 | b | Оператор | Komarova.ES | |
| 100 | 1_ | a | Автор | Лыгин Леонид Ильич |
| q | Полное имя | Лыгин Л. И. | ||
| 245 | 10 | a | Заглавие | Исчисления алиасов для Cи-подобных языков |
| 260 | a | Место издания | Тверь | |
| b | Издательство | Тверской государственный университет | ||
| 504 | a | Библиография | Библиогр.: с. 202 (3 назв.) | |
| 520 | 0_ | a | Аннотация | В нашей работе мы представляем реализацию двух вариантов исчисления алиасов (синонимичных адресов) для языка с адресной арифметикой — варианта, описанного в работе [2], и нового «легкого» варианта для обнаружения утечек памяти. Разработка наших вариантов исчисления была вдохновлена исчислением алиасов для языка без адресной арифметики из работы. |
| 653 | 0_ | a | Ключевые слова | Модели памяти |
| a | Ключевые слова | Адресная арифметика | ||
| a | Ключевые слова | Исчисление алиасов | ||
| a | Ключевые слова | Проблема алиасинга | ||
| a | Ключевые слова | Арифметика Пресбургера | ||
| 700 | 12 | a | Другие авторы | Шилов Николай Вячеславович |
| q | Полное имя | Шилов Н. В. | ||
| 773 | 18 | w | Контрольный № источника | f93cd7c2cffb4b90a02951ff508e955d |
| t | Название источника | Математические основы информатики и информационно-коммуникационных систем" | ||
| d | Место и дата издания | Тверь : Тверской государственный университет, 2021 | ||
| g | Прочая информация | С. 199-203 | ||
| 856 | 40 | u | URL | http://megapro.tversu.ru/megaPro/UserEntry?Action=FindDocs&ids=5455324 |
| u | URL | http://texts.lib.tversu.ru/texts/151517t.pdf | ||
| x | Примечание для ЭОР | Справка УИС 2021 | ||
| x | Примечание для ЭОР | Реестр суммарного учета сетевых локальных документов | ||
| i | Дата подключения ЭОР | 20211224 | ||
| 901 | t | Тип документа | a | |
| 920 | a | Оператор | Кома | |
| 954 | b | Дата поступления в ОК | 20211222 |